000 005790000a22001930004500
020 _a84-8267-346-7
041 0 _aSPA
082 0 4 _aG 254 B653n
100 1 _aBlomberg, Craig L.
245 1 0 _aNi pobreza ni riquezas : Una teología bíblica de las posesiones materiales / Craig L. Blomberg
260 _aTerrassa, Barcelona, España : CLIE
300 _a400 Pág.
500 _aTítulo original : Neither poverty nor riches
001 814
942 _cBK
999 _c32249
_d32249
336 _atexto
_btxt
_2rdacontent
337 _2rdamedia
_asin mediación
_bn
338 _2rdacarrier
_avolumen
_bnc